Statistiques concernant Pays bordant la Mer de Corail

Cliquez ici pour prendre le quiz!

Statistiques générales

  • Ce quiz a été pris 64 fois
    (46 depuis la dernière actualisation)
  • Le résultat moyen est 4 sur 5

Statistiques - réponses

Pays% Correct
Australie
98%
Vanuatu
85%
Îles Salomon
80%
Papouasie-Nouvelle-Guinée
76%
France
63%

Distribution des résultats

Percentile par nombre de réponses

% des personnes avec chaque résultat

Votre développement - résultats

Vous n’avez pas pris ce quiz depuis la dernière actualisation